MARC details
| 000 -LEADER |
| fixed length control field |
01071ccm a22002654a 4500 |
| 001 - CONTROL NUMBER |
| control field |
0000005743 |
| 005 - DATE AND TIME OF LATEST TRANSACTION |
| control field |
20170406120944.0 |
| 008 - FIXED-LENGTH DATA ELEMENTS--GENERAL INFORMATION |
| fixed length control field |
070404s2002 xxuzza| n | zxx |
| 010 ## - LIBRARY OF CONGRESS CONTROL NUMBER |
| LC control number |
2007562038 |
| 024 1# - OTHER STANDARD IDENTIFIER |
| Standard number or code |
688670109706 |
| 028 22 - PUBLISHER NUMBER |
| Publisher number |
MSM-10-970 |
| Source |
Birnamwood Publications |
| 040 ## - CATALOGING SOURCE |
| Original cataloging agency |
DLC |
| Transcribing agency |
DLC |
| 050 00 - LIBRARY OF CONGRESS CALL NUMBER |
| Classification number |
M13 |
| Item number |
.B |
| 100 1# - MAIN ENTRY--PERSONAL NAME |
| Personal name |
Bach, Johann Sebastian, |
| Dates associated with a name |
1685-1750. |
| 240 10 - UNIFORM TITLE |
| Uniform title |
Gottes Zeit ist die allerbeste Zeit. |
| Name of part/section of a work |
Sonatina ; |
| Arranged statement for music |
arranged |
| 245 10 - TITLE STATEMENT |
| Title |
God's time is the best time = : |
| Remainder of title |
Gottes Zeit ist die allerbeste Zeit / |
| Statement of responsibility, etc. |
[J.S. Bach] ; [edited and arranged by] Michael Burkhardt. |
| 246 31 - VARYING FORM OF TITLE |
| Title proper/short title |
Gottes Zeit ist die allerbeste Zeit |
| 260 ## - PUBLICATION, DISTRIBUTION, ETC. |
| Place of publication, distribution, etc. |
[United States] : |
| Name of publisher, distributor, etc. |
Birnamwood Publications ; |
| Place of publication, distribution, etc. |
Fenton, MO : |
| Name of publisher, distributor, etc. |
Sole distributor, MorningStar Music Publishers of St. Louis, |
| Date of publication, distribution, etc. |
c2002. |
| 300 ## - PHYSICAL DESCRIPTION |
| Extent |
4 p. of music ; 31 cm. |
| 500 ## - GENERAL NOTE |
| General note |
Arrangement for organ of the Sinfonia from Cantata 106. |
| 650 #0 - SUBJECT ADDED ENTRY--TOPICAL TERM |
| Topical term or geographic name entry element |
Organ music, Arranged. |
| 650 #0 - SUBJECT ADDED ENTRY--TOPICAL TERM |
| Topical term or geographic name entry element |
Cantatas, Sacred |
| Form subdivision |
Excerpts, Arranged. |
| 700 1# - ADDED ENTRY--PERSONAL NAME |
| Personal name |
Burkhardt, Michael. |
| Relator code |
arr. |
| 908 ## - PUT COMMAND PARAMETER (RLIN) |
| Put command parameter |
150321 |